| 000 | 00545cam a2200229 4500 | ||
|---|---|---|---|
| 001 | J2906 | ||
| 008 | 090401t1994 xxu||||| |||| 00| 0 eng d | ||
| 035 | _a(Sirsi) u51826 | ||
| 041 | _aeng | ||
| 050 | _a331.632403 | ||
| 100 | _aClark, P. | ||
| 245 | 4 | _aThe language of property finance. | |
| 260 |
_aLondon _bDJ Freeman _c1994 |
||
| 300 | _a48p. ; 21cm. | ||
| 350 | _a0 | ||
| 650 | _aDICTIONARIES | ||
| 650 | _aPROPERTY FINANCE | ||
| 700 | _aJucker, Antoinette | ||
| 710 |
_aD. J. Freeman _9794 |
||
| 942 | _n0 | ||
| 948 | _c04/03/1997 | ||
| 999 |
_c92963 _d92963 |
||